Κοινωνική νοημοσύνη : η νέα επιστήμη των ανθρώπινων σχέσεων
Αποθηκεύτηκε σε:
| Κύριος συγγραφέας: | |
|---|---|
| Μορφή: | Βιβλίο |
| Γλώσσα: | Greek English |
| Δημοσίευση: |
Αθήνα :
Ελληνικά Γράμματα,
2006.
|
| Θέματα: | |
| Ετικέτες: |
Προσθήκη ετικέτας
Δεν υπάρχουν, Καταχωρήστε ετικέτα πρώτοι!
|
MARC
| LEADER | 00000cam a2200000 i 4500 | ||
|---|---|---|---|
| 001 | 1/39685 | ||
| 008 | 131220s2006 gr | ||| |||| ||gre|| | ||
| 020 | |a 9604427326 | ||
| 035 | |l 10116248 | ||
| 040 | |a GR-MyUa |b gre |e AACR2 | ||
| 041 | 1 | |a gre |h eng | |
| 082 | 7 | |a 158.2 |2 (22) | |
| 100 | 1 | |a Goleman, Daniel. | |
| 245 | 1 | 0 | |a Κοινωνική νοημοσύνη : |b η νέα επιστήμη των ανθρώπινων σχέσεων / |c Daniel Goleman ; μετάφραση Χρύσα Ξενάκη ; επιστημονική σύμβουλος Νιόνια Βαλλιανάτου. |
| 260 | |a Αθήνα : |b Ελληνικά Γράμματα, |c 2006. | ||
| 300 | |a 493 σ. ; |c 24 εκ. | ||
| 500 | |a Μετάφραση του: Social intelligence. | ||
| 504 | |a Βιβλιογραφία: σ. [425]-493. | ||
| 650 | 0 | |a Interpersonal relations. | |
| 650 | 0 | |a Intellect |x Social aspects. | |
| 650 | 0 | |a Emotions |x Social aspects. | |
| 852 | |a INST |b SYROS |e 20131220 |h 158.2 GOL |p 005500011192 |q 005500011192 |t BK |y 0 | ||
| 901 | |a BIBL5-2013-1 | ||
| 970 | |a Κοντού |b Παρασκευή |z 20/12/2013 | ||